[Event "Tatry Open 2013"]
[Site "Tatranske Zruby SVK"]
[Date "2013.10.06"]
[Round "9.4"]
[White "Pcola,Pa"]
[Black "Kernazhitsky,L"]
[Result "1-0"]
[WhiteElo "2387"]
[BlackElo "2268"]

1.Nf3 d5 2.g3 Nf6 3.Bg2 c6 4.c4 Bf5 5.cxd5 cxd5 6.Qb3 Qb6 7.Qxb6 axb6 8.Nc3 Nc6
9.d3 e6 10.Nb5 Bb4+ 11.Bd2 Ke7 12.Nfd4 Bxd2+ 13.Kxd2 Bg6 14.f4 Rhd8 15.Rhc1 Rac8
16.Nxc6+ Rxc6 17.Nd4 Rc5 18.Rc3 Rxc3 19.Kxc3 Ne8 20.g4 Nd6 21.Kd2 f6 22.Rc1 Bf7
23.a3 Rc8 24.Rxc8 Nxc8 25.e4 Nd6 26.e5 Nc8 27.Nf3 Be8 28.b3 h6 29.h4 h5 30.g5 f5
31.Nd4 g6 32.Bf1 Bd7 33.Be2 Kd8 34.Kc3 Kc7 35.a4 Ne7 36.Nc2 b5 37.a5 Nc6
38.b4 Nb8 39.d4 Nc6 40.Bxb5 Nxe5 41.dxe5 Bxb5 42.Nd4 Bd7 43.b5 b6 44.Kb4 Kb7
45.Nf3 Kc7 46.Ne1 Kb7 47.Nd3 bxa5+ 48.Kxa5 d4 49.Nc5+ Kc8 50.Kb4 Be8 51.Kc4 d3
52.Nxd3 Kc7 53.Kc5  1-0

[Event "TCh-AUT 2nd Ost 2013-14"]
[Site "Vienna AUT"]
[Date "2013.10.06"]
[Round "2.5"]
[White "Gstach,Jakob"]
[Black "Liedl,W"]
[Result "1/2-1/2"]
[WhiteElo "2209"]
[BlackElo "2200"]

1.g3 d5 2.Nf3 Nf6 3.Bg2 c5 4.O-O Nc6 5.d4 e6 6.c4 dxc4 7.Ne5 Nxe5 8.dxe5 Qxd1
9.Rxd1 Nd5 10.Na3 Bd7 11.Nxc4 Bb5 12.Ne3 Nxe3 13.Bxe3 Rb8 14.b4 cxb4 15.Rac1 b6
16.Bc6+ Bxc6 17.Rxc6 Rd8 18.Rdc1 Be7 19.Kf1 O-O 20.Rc7 Bc5 21.Bxc5 bxc5 22.R1xc5 Rd1+
23.Kg2 Rd2 24.Rxa7 Rxe2 25.Kf3 Rb2 26.Rb5 g6 27.Rbb7 h5 28.h4 Kg7 29.Ra4 Rc8
30.Rbxb4 Rc3+ 31.Kg2 Re2 32.Re4 Rxe4 33.Rxe4 Ra3 34.Re2 f6 35.exf6+ Kxf6
36.Kf1 Ra6 37.Ke1 g5 38.hxg5+ Kxg5 39.Kd1 h4 40.gxh4+ Kxh4 41.Re4+ Kg5 42.a4 Kf5
43.Rb4 e5 44.Kd2 Ra8 45.f3 Rh8 46.a5 Rh2+ 47.Kc3 Ra2 48.Rb5 Kf4 49.Kb4 Ra1
50.Rc5 Rb1+ 51.Kc4 Rc1+ 52.Kb5 Rb1+ 53.Kc6 Rb3 54.a6 Rxf3 55.Ra5 Rc3+ 56.Kd6 Rd3+
57.Ke7 Rh3 58.a7 Rh8 59.a8=Q Rxa8 60.Rxa8 e4 61.Kd6 e3 62.Kd5 e2 63.Re8 Kf3
64.Kd4 Kf2 65.Kc3 e1=Q+  1/2-1/2

[Event "23rd EYCC Girls U18 2013"]
[Site "Budva MNE"]
[Date "2013.10.07"]
[Round "8.1"]
[White "Tantsiura,M"]
[Black "Ziaziulkina,N"]
[Result "1/2-1/2"]
[WhiteElo "2189"]
[BlackElo "2363"]

1.Nf3 d5 2.g3 c6 3.Bg2 Nf6 4.O-O Bf5 5.d3 e6 6.Nbd2 Be7 7.b3 h6 8.Bb2 O-O
9.Ne5 a5 10.a4 Bh7 11.Re1 Bb4 12.e3 Nbd7 13.Nxd7 Nxd7 14.Qe2 e5 15.Red1 Re8
16.e4 Nf6 17.Nf3 Bd6 18.Nd2 Bg6 19.h3 Qc7 20.Rdc1 Bb4 21.Nf1 Rad8 22.c3 Bc5
23.Ba3 Bxa3 24.Rxa3 Qb6 25.Rb1 Qa6 26.Ra2 dxe4 27.dxe4 Qd3 28.Qxd3 Rxd3 29.Nd2 Red8
30.Rbb2 Rxc3 31.f3 Rc5 32.b4 axb4 33.Rxb4 Rd7 34.Rab2 b5 35.axb5 Rxb5 36.Rxb5 cxb5
37.Bf1 Ne8 38.Bxb5 Rb7 39.Rb3 Nd6 40.Bd3 Rxb3 41.Nxb3 f6  1/2-1/2

[Event "63rd ch-RUS w 2013"]
[Site "Nizhny Novgorod RUS"]
[Date "2013.10.07"]
[Round "3.3"]
[White "Gunina,V"]
[Black "Charochkina,D"]
[Result "1/2-1/2"]
[WhiteElo "2506"]
[BlackElo "2343"]

1.Nf3 d5 2.g3 Bg4 3.Bg2 Nd7 4.c4 e6 5.cxd5 exd5 6.Nc3 c6 7.d3 Bd6 8.O-O Ne7
9.Qc2 O-O 10.e4 Rc8 11.Nh4 d4 12.Ne2 c5 13.h3 Be6 14.Bf4 Qb6 15.Bxd6 Qxd6
16.Nf4 c4 17.Rfd1 Ne5 18.dxc4 g5 19.Nh5 gxh4 20.Qd2 f6 21.Qh6 Rf7 22.f4 Nxc4
23.e5 fxe5 24.Nf6+ Kh8 25.Ne4 Qb6 26.Ng5 Rg7 27.Qxe6 Qxe6 28.Nxe6 Rxg3 29.Kh2 Nxb2
30.Rd2 Nc4 31.Rf2 Rg6 32.Bxb7 Rb8 33.Nc5 exf4 34.Be4 Rg5 35.Nb3 Nd6 36.Bd3 Nef5
37.Rxf4 Rbg8 38.Nxd4 Rg2+ 39.Kh1 R2g3 40.Bxf5 Nxf5 41.Kh2 Ne3 42.Rxh4 Rg2+
43.Kh1 Rf2 44.Rg1 Rxg1+ 45.Kxg1 Rxa2 46.Re4 Nd5 47.Re5 Nf4 48.h4 Rd2 49.Nf5 h5
50.Ne3 Re2 51.Re8+ Kh7 52.Kf1 Ra2 53.Rf8 Ng6 54.Rf7+ Kg8 55.Rf5 Nxh4 56.Rg5+ Kf7
57.Rxh5 Ng6 58.Nc4 Ra1+ 59.Kf2 Ke6 60.Ke3 Ne7 61.Kd4 a5 62.Rh6+ Kd7 63.Ke4  1/2-1/2

[Event "Chigorin Memorial"]
[Site "St Petersburg RUS"]
[Date "2013.10.07"]
[Round "3.116"]
[White "Zakharov,Y"]
[Black "Scheglov,Dmitry"]
[Result "0-1"]
[WhiteElo "1891"]
[BlackElo "1770"]

1.Nf3 d5 2.g3 e6 3.Bg2 Nf6 4.O-O Be7 5.d3 O-O 6.Nbd2 c5 7.e4 b6 8.e5 Nfd7
9.Re1 Bb7 10.Nf1 Nc6 11.Bf4 Re8 12.h4 Nf8 13.h5 h6 14.Qd2 f6 15.exf6 Bxf6
16.Ne5 Nxe5 17.Bxe5 Nd7 18.Bxf6 Qxf6 19.c4 Rab8 20.Qe2 Nf8 21.Nh2 Qg5 22.Ng4 Nh7
23.Ne5 Nf6 24.g4 dxc4 25.Bxb7 Rxb7 26.dxc4 Nxh5 27.Qe4 Rc7 28.Rad1 Nf6 29.Qg2 Qf4
30.b3 a6 31.Rd6 Rb8 32.Rxe6 Qd2 33.Nf3 Qxa2 34.g5 hxg5 35.Qxg5 Rf7 36.Qg6 Nh7
37.R1e2 Qxb3 38.Ne5 Rf6 39.Qe4 Qh3 40.Ng4 Rf7 41.Qg6 Nf8 42.Re8 Rxe8 43.Rxe8 b5
44.Qe6 Qf3 45.Qg6 Qf4 46.Qe6 Qf5 47.Qe2 b4 48.Ne5 Rf6 49.Ng4 Re6 50.Rxe6 Qxe6
51.Ne3 Qe4 52.Qa2 Qb7 53.Qb3 a5 54.Nd5 Qd7 55.Qg3 Qe6 56.f4 Qd6 57.Qg5 Kh8
58.f5 Nh7 59.Qe3 Nf6 60.Qh3+ Kg8 61.Qe3 Kf7 62.Qg5 b3 63.Qg6+ Kg8 64.Nxf6+ Qxf6
65.Qe8+ Kh7  0-1

[Event "Chigorin Memorial"]
[Site "St Petersburg RUS"]
[Date "2013.10.07"]
[Round "3.127"]
[White "Potapova,Tatiana"]
[Black "Skafar,Darya"]
[Result "0-1"]
[WhiteElo "1636"]
[BlackElo "1828"]

1.Nf3 d5 2.g3 Nf6 3.Bg2 c6 4.d4 Bg4 5.c4 e6 6.Ne5 Bh5 7.Qc2 Nbd7 8.Nxd7 Qxd7
9.Bf4 Bg6 10.Qb3 Be7 11.Nc3 O-O 12.O-O Rfd8 13.cxd5 Nxd5 14.Nxd5 exd5 15.Rfe1 Bf6
16.Rad1 Re8 17.Rd2 Be4 18.Bf3 h6 19.Bxe4 Rxe4 20.Be3 Rae8 21.a3 Bd8 22.Qd3 Bc7
23.Rc2 Bb6 24.b4 f5 25.Kg2 a6 26.a4 Kh8 27.Rb2 Bc7 28.b5 axb5 29.axb5 f4
30.bxc6 bxc6 31.Bc1 Ba5 32.Rh1 fxg3 33.hxg3 Qe7 34.e3 Rf8 35.f3 Re6 36.Re2 Qf7
37.e4 dxe4 38.Rxe4 Rxe4 39.Qxe4 Qa2+ 40.Kg1 Qa1 41.Kf2 Bd2 42.Qe7 Ra8 43.Rxh6+ Bxh6
44.Bxh6 Ra2+  0-1

[Event "23rd EYCC Girls U18 2013"]
[Site "Budva MNE"]
[Date "2013.10.08"]
[Round "9.9"]
[White "Turk,T"]
[Black "Dragieva,D"]
[Result "0-1"]
[WhiteElo "1936"]
[BlackElo "2086"]

1.Nf3 d5 2.g3 Nf6 3.Bg2 Bg4 4.Ne5 Bh5 5.c4 c6 6.d4 e6 7.Nc3 Nbd7 8.Qb3 Qb6
9.Nxd7 Nxd7 10.c5 Qa6 11.e4 b6 12.exd5 exd5 13.Bxd5 bxc5 14.Bc4 Qb6 15.dxc5 Qxb3
16.Bxb3 Bf3 17.Rg1 Nxc5 18.Bc4 Rd8 19.Be3 Nd3+ 20.Bxd3 Rxd3 21.a3 Be7 22.Rc1 O-O
23.Ne2 Rfd8 24.g4 Bh4 25.Bf4 Re8 26.Rc2 Rd4 27.Bg3 Bd8  0-1

[Event "Pankrac Cup 2013"]
[Site "Prague CZE"]
[Date "2013.10.08"]
[Round "5"]
[White "Petr,Ma"]
[Black "Kovar,V"]
[Result "1-0"]
[WhiteElo "2534"]
[BlackElo "2312"]

1.Nf3 d5 2.g3 Nf6 3.Bg2 e6 4.O-O Be7 5.d3 c5 6.Nbd2 Nc6 7.e4 Qc7 8.Re1 h6
9.c3 b6 10.Qe2 Bb7 11.Nf1 Rd8 12.e5 Nd7 13.h4 b5 14.N1h2 Nb6 15.Bf4 a5 16.b3 b4
17.c4 dxc4 18.dxc4 a4 19.Rad1 Na5 20.Qe3 Qc6 21.Rxd8+ Kxd8 22.h5 Kc8 23.Ng4 Rd8
24.Nxh6 gxh6 25.Bxh6 Rg8 26.Bf4 a3 27.h6 Qe8 28.Ng5 Bxg2 29.Kxg2 Nc6 30.Rh1 Nd7
31.h7 Rh8 32.Qe4 Ncb8 33.Nf3 Nf8 34.Bg5 Bxg5 35.Nxg5 Qc6 36.Kf3 Qxe4+ 37.Kxe4 Nc6
38.f4 Nd4 39.Kd3 Kd7 40.Rh6 Ke8 41.Ne4 Nd7 42.Rh1 Nc6 43.g4 Ke7 44.Rh5 Nf8
45.Nf6 Kd8 46.Ke4 Nd4 47.Rh2 Ke7 48.f5 Nd7 49.Nxd7 Kxd7 50.f6 Ke8 51.Kf4 Nc6
52.Rh1 Kd7 53.Kg5 Nxe5 54.Kh6 Ng6 55.Kg7 Rf8 56.Rh5 Kd6 57.Rg5 Rc8 58.Rxg6  1-0

[Event "Chigorin Memorial"]
[Site "St Petersburg RUS"]
[Date "2013.10.08"]
[Round "4.29"]
[White "Bernadskiy,V"]
[Black "Ivakhinova,I"]
[Result "1-0"]
[WhiteElo "2527"]
[BlackElo "2312"]

1.Nf3 d5 2.g3 Bg4 3.Bg2 Nd7 4.h3 Bh5 5.c4 e6 6.cxd5 exd5 7.Nc3 c6 8.d3 Bd6
9.O-O Ngf6 10.e4 dxe4 11.dxe4 Qc7 12.g4 Bg6 13.e5 Nxe5 14.Nxe5 Bxe5 15.f4 Bxc3
16.bxc3 h6 17.f5 Bh7 18.Ba3 c5 19.Qe2+ Kd8 20.Qb5 Nd7 21.Rad1 Kc8 22.Rfe1 Rd8
23.Re7 Bg8 24.Bc1 a6 25.Qe2 Ra7 26.Bf4 Qa5 27.Rd6 Qb5 28.c4 Qa5 29.Bxb7+ Kxb7
30.Qe4+  1-0

[Event "4th Continental Class 2013"]
[Site "Arlington USA"]
[Date "2013.10.09"]
[Round "1.8"]
[White "Cheng,Bi"]
[Black "Chan,Jam"]
[Result "1-0"]
[WhiteElo "2442"]
[BlackElo "2039"]

1.Nf3 d5 2.g3 Nf6 3.Bg2 g6 4.c4 c6 5.b3 Bg7 6.Bb2 O-O 7.O-O Bg4 8.d3 Bxf3
9.Bxf3 e6 10.Nc3 Re8 11.d4 Nbd7 12.e3 a5 13.Qc2 Qb8 14.Rac1 Rc8 15.Qe2 Qa7
16.Rc2 Ne8 17.Rfc1 Rcb8 18.Kg2 Nef6 19.g4 Qa6 20.g5 Ne8 21.Na4 Nd6 22.Bg4 dxc4
23.bxc4 Rd8 24.f4 Nf5 25.Kf2 Qa7 26.c5 Qb8 27.Qf3 Qc7 28.Rh1 Nf8 29.Qe4 Qe7
30.h4 Re8 31.Nb6 Ra7 32.a4 Nd7 33.Nc4 h5 34.Bxf5 exf5 35.Qxe7 Rxe7 36.Bc3  1-0

[Event "Chigorin Memorial"]
[Site "St Petersburg RUS"]
[Date "2013.10.09"]
[Round "5.36"]
[White "Jumabayev,R"]
[Black "Kostin,K"]
[Result "1/2-1/2"]
[WhiteElo "2568"]
[BlackElo "2337"]

1.Nf3 d5 2.g3 Nf6 3.Bg2 e6 4.c4 Be7 5.b3 O-O 6.Bb2 c5 7.e3 Nc6 8.O-O b6 9.Nc3 Bb7
10.cxd5 Nxd5 11.Nxd5 exd5 12.d4 Ba6 13.Re1 Rc8 14.dxc5 bxc5 15.Ne5 Nxe5 16.Bxe5 Bb7
17.Qg4 Bf6 18.Bxf6 Qxf6 19.Qd7 Qa6 20.Bxd5 Bxd5 21.Qxd5 Rfd8 22.Qe5 c4 23.bxc4 Rxc4
24.Rad1 Rcc8 25.Rxd8+ Rxd8 26.Qe7 Rc8 27.Rd1 h6 28.a3 Qe2 29.Qd7 Qc2 30.Kg2 Qe4+
31.Kg1 Qc2 32.Qd3 Qb2 33.Kg2 Rc2 34.Qf5 Rd2 35.Qc8+ Kh7 36.Qf5+ Kg8 37.Qc8+ Kh7
38.Rxd2 Qxd2 39.Qf5+ Kg8 40.Qc8+ Kh7 41.Qb7 Qa5 42.Qxf7 Qxa3 43.e4 Qc5 44.h4 a5
45.h5 Qe5 46.Qg6+ Kh8 47.f4 Qb5 48.e5 a4 49.Qe4 a3 50.Qa8+ Kh7 51.Qe4+ Kh8
52.e6 Qxh5 53.f5 Qe8 54.Qd5 Kh7 55.Qd3 Qa8+ 56.Kh2 a2 57.f6+ Kh8 58.Qg6 Qg8
59.e7 a1=Q 60.Qxg7+ Qxg7  1/2-1/2

[Event "TCh-ISL Div1 2013-14"]
[Site "Reykjavik ISL"]
[Date "2013.10.11"]
[Round "2.5"]
[White "Gajewski,G"]
[Black "Oleksienko,M"]
[Result "1/2-1/2"]
[WhiteElo "2637"]
[BlackElo "2608"]

1.Nf3 d5 2.g3 Nf6 3.Bg2 c5 4.O-O Nc6 5.d4 e6 6.Nc3 Be7 7.dxc5 Bxc5 8.Bf4 O-O
9.Qd3 Re8 10.Ne5 Nh5 11.Rad1 Nxf4 12.gxf4 Bd6 13.Qg3 Bb8 14.e4 Nxe5 15.fxe5 d4
16.f4 Qb6 17.Na4 Qb4 18.b3 a6 19.Kh1 b5 20.Nb2 Ra7 21.Nd3 Qe7 22.Bf3 Kh8
23.Rg1 Rg8 24.Qh3 h6 25.Rd2 Kh7 26.Rdg2 Bc7 27.Rg4 Bd8 28.R1g3 Rc7 29.Qg2 Qf8
30.Rh3 a5 31.Rh5 Bb7 32.f5 exf5 33.exf5 Rxc2 34.Qh3 Bxf3+ 35.Qxf3 f6 36.e6 Qd6
37.Rg2 Qc6 38.Qxc6 Rxc6 39.Rh4 Bb6 40.Re2 Rc3 41.Rh3 Bc5 42.Rf3 Be7 43.Kg2 g6
44.Kf2 gxf5 45.Nf4 Rd8 46.Rd2 Rc5 47.Nd3 Rc6 48.Rxf5 Rxe6 49.Rxb5 f5 50.Re2 Bh4+
51.Kf3 Rxe2 52.Kxe2 Re8+ 53.Re5 Rc8 54.Rc5 Re8+ 55.Re5 Rc8 56.Rc5  1/2-1/2

[Event "Chigorin Memorial"]
[Site "St Petersburg RUS"]
[Date "2013.10.11"]
[Round "7.71"]
[White "Pashinsky,M"]
[Black "Tkachev,I"]
[Result "1/2-1/2"]
[WhiteElo "2273"]
[BlackElo "2156"]

1.Nf3 d5 2.g3 Nf6 3.Bg2 c6 4.O-O g6 5.b3 Bg7 6.Bb2 O-O 7.c4 Bg4 8.d3 Na6
9.Nbd2 Rc8 10.a3 Re8 11.Rc1 Nc7 12.b4 Ne4 13.Bxg7 Nxd2 14.Qxd2 Kxg7 15.Ne5 Be6
16.cxd5 cxd5 17.h4 f6 18.Nf3 Qd7 19.Nd4 Bf7 20.Kh2 e5 21.Bh3 Ne6 22.Nf3 Rxc1
23.Rxc1 Rc8 24.d4 e4 25.Bxe6 Bxe6 26.Rxc8 Qxc8 27.Ne1 Qc4 28.Kg2 Bg4 29.f3 Bf5
30.g4 Be6 31.Kf2 f5 32.gxf5 Bxf5 33.Ng2 exf3 34.exf3 Qc7 35.Qf4 Qc2+ 36.Kg3 Be6
37.Qe5+ Kf7 38.Nf4 Qf5 39.Qxf5+ gxf5 40.Ne2 Kf6 41.Nc3 b6 42.Kf4 h6 43.Nd1 a6
44.Nc3 Bf7 45.Nd1 Be6 46.Ne3 a5 47.bxa5 bxa5 48.h5 a4 49.Nc2 Bc8 50.Nb4 Bb7
51.Nd3 Ba6 52.Nb2 Bb5 53.Nd1 Bd7 54.Ne3 Be6 55.Nf1 Bf7 56.Ng3 Be6 57.Ne2 Bd7
58.Nc1 Bc6 59.Na2 Ba8 60.Nb4 Bb7 61.Nd3 Ba6 62.Nf2 Bb5 63.Kg3 Be8 64.Kh4 Bb5
65.Nd1 Bd7 66.Nc3 Bc6 67.Nd1 Bd7 68.Ne3 Ke6 69.Kg3 Be8 70.Kf4 Bxh5 71.Nxf5 Bxf3
72.Nxh6 Bh5 73.Kg5 Bd1 74.Nf5 Bc2 75.Ng3 Bd1 76.Nh1 Bc2 77.Nf2 Bf5 78.Nd1 Bc2
79.Nc3 Bb3 80.Ne2 Bc4 81.Nf4+ Kd6 82.Kf6 Bb5 83.Ng2 Bd3 84.Ne3 Be4 85.Nd1 Bc2
86.Ne3 Be4 87.Ng4 Bf3 88.Ne5 Bh5 89.Nf7+ Kc6 90.Ne5+ Kd6 91.Kg5 Be2 92.Kf4 Ke6
93.Ke3 Bb5 94.Kf4 Be2 95.Ng6 Bd3 96.Kg5 Be4 97.Nf4+ Kd6 98.Kf6 Bh7 99.Ng6 Bxg6
100.Kxg6 Kc6 101.Kf5 Kb5 102.Ke6 Kc4 103.Ke5 Kb3 104.Kxd5 Kxa3 105.Kc6 Kb2  1/2-1/2

[Event "Chigorin Memorial"]
[Site "St Petersburg RUS"]
[Date "2013.10.11"]
[Round "7.43"]
[White "Neverov,V"]
[Black "Vunder,A"]
[Result "1-0"]
[WhiteElo "2505"]
[BlackElo "2245"]

1.Nf3 d5 2.g3 c5 3.Bg2 Nc6 4.O-O Nf6 5.d3 Bg4 6.h3 Bh5 7.c4 e6 8.cxd5 Nxd5
9.Nc3 Be7 10.Nd2 Qd7 11.Nc4 O-O 12.Bd2 Rad8 13.a3 Rfe8 14.Rb1 Bf8 15.Re1 f6
16.Ne3 Bf7 17.b4 Nxe3 18.Bxe3 cxb4 19.axb4 Bxb4 20.Bxc6 Qxc6 21.Rxb4 Qxc3
22.Rxb7 a6 23.Qb1 Rc8 24.Ra7 Rb8 25.Qa1 Qxa1 26.Rxa1 Ra8 27.R1xa6 Rxa7 28.Rxa7 e5
29.f3 Be6 30.g4 Rd8 31.h4 h6 32.Re7 Rd6 33.Rb7 Rd7 34.Rb8+ Kf7 35.h5 Bd5
36.Bc5 Rc7 37.Bd6 Rd7 38.Rb6 Rb7 39.Ra6 Be6 40.Kf2 Rd7 41.Ba3 Bd5 42.Ke3 Be6
43.Ra8 Bd5 44.Rf8+ Ke6 45.f4 exf4+ 46.Kxf4 Ra7 47.Re8+ Kf7 48.Rf8+ Ke6 49.Re8+ Kf7
50.Rd8 Ra4+ 51.Kg3 Bc6 52.Bc5 Ra2 53.Rc8 Bd7 54.Rf8+ Ke6 55.e4 Bc6 56.Rc8 Bd7
57.Rg8 Kf7 58.Rf8+ Ke6 59.d4 Rc2 60.Ra8 Rc1 61.Ra7 Rg1+ 62.Kf2 Rxg4 63.Kf3 Rh4
64.d5+ Ke5 65.Rxd7 Rf4+ 66.Kg3 Rxe4 67.d6 Rc4 68.Re7+ Kf5 69.d7  1-0

[Event "TCh-Belgrade Premier liga 2013"]
[Site "Belgrade SRB"]
[Date "2013.10.12"]
[Round "1.1"]
[White "Ivkov,B"]
[Black "Andrejic,V"]
[Result "1-0"]
[WhiteElo "2410"]
[BlackElo "2210"]

1.Nf3 d5 2.g3 Nf6 3.Bg2 Bf5 4.O-O e6 5.d3 h6 6.Nbd2 Be7 7.b3 O-O 8.Bb2 a5
9.a3 Bh7 10.c4 c6 11.Rc1 Nbd7 12.Rc2 Re8 13.Qa1 a4 14.b4 c5 15.bxc5 Nxc5
16.cxd5 exd5 17.Nd4 Qd7 18.Rfc1 Rac8 19.Bc3 Bf8 20.Bb4 Ne6 21.Bxf8 Kxf8 22.Rxc8 Rxc8
23.Rxc8+ Qxc8 24.Bh3 Qe8 25.N2f3 Nc5 26.Qc3 Qe7 27.Qb4 Ke8 28.Nh4 g6 29.Ng2 Qd6
30.Ne3 Nfd7 31.Nb5 Qc6 32.Nxd5 Kd8 33.Bg2 g5 34.d4  1-0

[Event "Bundesliga 2013-14"]
[Site "Berlin GER"]
[Date "2013.10.12"]
[Round "1"]
[White "Piorun,K"]
[Black "Rabiega,R"]
[Result "1-0"]
[WhiteElo "2551"]
[BlackElo "2507"]

1.Nf3 d5 2.g3 Bg4 3.Bg2 Nd7 4.c4 e6 5.O-O dxc4 6.Na3 Bxa3 7.bxa3 Ngf6 8.Bb2 c6
9.Qc2 Nb6 10.Rae1 Bxf3 11.Bxf3 Qe7 12.a4 Qc5 13.Rb1 O-O 14.Rfc1 Rfd8 15.d3 Rd7
16.dxc4 Qa5 17.c5 Nxa4 18.Ba3 Rc8 19.e4 b5 20.cxb6 axb6 21.e5 Nd5 22.Bd6 Nac3
23.Rb3 Nb5 24.Bxd5 Nd4 25.Qd1 Qxd5 26.Rd3 c5 27.Rxd4 Qe4  1-0

[Event "7th Univ Cent Open 2013"]
[Site "Bogota COL"]
[Date "2013.10.12"]
[Round "6.65"]
[White "Prado Segura,Robinson Alexander"]
[Black "Salazar,Andersson"]
[Result "1-0"]
[WhiteElo "1868"]
[BlackElo "1578"]

1.Nf3 d5 2.g3 e6 3.Bg2 Nf6 4.O-O Be7 5.d3 O-O 6.Nbd2 b6 7.e4 Bb7 8.e5 Nfd7
9.Re1 c5 10.h4 Nc6 11.Nf1 Re8 12.h5 Bf8 13.Bf4 f6 14.c3 fxe5 15.Nxe5 Ndxe5
16.Bxe5 Nxe5 17.Rxe5 Bd6 18.Re1 e5 19.h6 g6 20.Ne3 Bf8 21.c4 Bxh6 22.Bxd5+ Bxd5
23.Nxd5 b5 24.Re4 Rb8 25.b3 Re6 26.Qg4 Kf7 27.Kg2 Qg5 28.Qe2 Qd2 29.Qf3+ Kg7
30.Re2 Qg5 31.Rh1 bxc4 32.dxc4 Rf8 33.Qe4 Qf5 34.Rhe1 Ra6 35.Qxf5 Rxf5 36.Rxe5 Rxa2
37.Rxf5 gxf5 38.Re7+ Kg6 39.Rb7 a5 40.Rb5 Bf8 41.Nc3 Rc2 42.Na4 Kf6 43.Rxa5 Ke5
44.Nxc5 Bxc5 45.Rxc5+ Kd4 46.Rxf5 Rc3 47.Rd5+ Ke4 48.Rh5 Rxb3 49.Rxh7 Kd4
50.Rc7 Rc3 51.Rd7+ Kxc4 52.Rc7+ Kd4 53.Rxc3 Kxc3  1-0

[Event "7th Univ Cent Open 2013"]
[Site "Bogota COL"]
[Date "2013.10.12"]
[Round "6.40"]
[White "Agudelo,A"]
[Black "Gonzalez Lopez,Nicolas Mateo"]
[Result "0-1"]
[WhiteElo "2253"]
[BlackElo "1844"]

1.Nf3 d5 2.g3 c6 3.Bg2 Bg4 4.d3 Nf6 5.O-O e6 6.Re1 Be7 7.Nbd2 O-O 8.e4 Re8
9.Qe2 Qb6 10.h3 Bxf3 11.Nxf3 Na6 12.e5 Nd7 13.c3 c5 14.h4 h6 15.d4 Qd8 16.h5 Nc7
17.Kh1 b5 18.Bf4 Rb8 19.Bh3 Nf8 20.Rg1 Nh7 21.Qd2 Ng5 22.Nxg5 Bxg5 23.Bxg5 Qxg5
24.f4 Qxh5 25.Kh2 b4 26.Rg2 Nb5 27.Rag1 bxc3 28.bxc3 cxd4 29.c4 Nc3 30.g4 Qh4  0-1

[Event "Indonesia Open 2013"]
[Site "Jakarta INA"]
[Date "2013.10.12"]
[Round "4.9"]
[White "Ehlvest,J"]
[Black "Stefanova,A"]
[Result "1/2-1/2"]
[WhiteElo "2578"]
[BlackElo "2496"]

1.Nf3 d5 2.g3 c6 3.Bg2 Bg4 4.O-O Nd7 5.d4 e6 6.Nbd2 Ngf6 7.Re1 Bd6 8.e4 dxe4
9.Nxe4 Nxe4 10.Rxe4 Bh5 11.c3 O-O 12.Qb3 Qc7 13.Re1 e5 14.Be3 Kh8 15.Ng5 exd4
16.Bxd4 Be5 17.Be3 h6 18.Nh3 Bf6 19.Nf4 Bg4 20.h3 Bf5 21.Rad1 Be5 22.Qc4 Nb6
23.Qe2 Rfe8 24.Qf3 Bh7 25.Nd3 Bd6 26.Bc1 Nc4 27.b3 Ne5 28.Nxe5 Bxe5 29.Re2 Re6
30.Rde1  1/2-1/2

[Event "Indonesia Open 2013"]
[Site "Jakarta INA"]
[Date "2013.10.12"]
[Round "4.14"]
[White "Wahono,A"]
[Black "Shyam,SM"]
[Result "1-0"]
[WhiteElo "2376"]
[BlackElo "2536"]

1.Nf3 d5 2.g3 Nc6 3.d4 Bg4 4.Bg2 Qd7 5.h3 Bxf3 6.Bxf3 O-O-O 7.Bg2 f5 8.c3 Nf6
9.Nd2 Ne4 10.Qa4 e6 11.Nxe4 fxe4 12.Bf4 Bd6 13.Be3 a6 14.O-O-O Ne7 15.Qxd7+ Kxd7
16.Bd2 Rdf8 17.Rdf1 Nf5 18.e3 b5 19.Rd1 Rf6 20.Bf1 Rhf8 21.Rg1 c5 22.Be2 Kc6
23.Rdf1 e5 24.dxe5 Bxe5 25.f4 exf3 26.Rxf3 Nd6 27.Rxf6 Rxf6 28.Be1 Nc4 29.Bxc4 dxc4
30.Kd1 Kd5 31.Ke2 Ke4 32.h4 Rf3 33.Bd2 b4 34.a3 Rf6 35.g4 bxc3 36.bxc3 Rb6
37.Be1 Rb2+ 38.Kf1 Kf3  1-0

[Event "Bundesliga 2013-14"]
[Site "Munich GER"]
[Date "2013.10.12"]
[Round "1"]
[White "Belezky,A"]
[Black "Fridman,D"]
[Result "1/2-1/2"]
[WhiteElo "2455"]
[BlackElo "2602"]

1.Nf3 d5 2.g3 Nc6 3.c4 dxc4 4.Qa4 e5 5.Qxc4 Bd6 6.d3 h6 7.Bg2 Nf6 8.O-O O-O
9.Nc3 Re8 10.Bd2 Bg4 11.Rfc1 Rb8 12.Nd5 Bxf3 13.Bxf3 Nd4 14.Be3 Nxf3+ 15.exf3 Nxd5
16.Qxd5 a6 17.Ba7 c6 18.Qb3 Ra8 19.Bb6 Qd7 20.Kg2 Bf8 21.Rc3 Re6 22.Rac1 Rd6
23.Qc4 Rd5 24.Rb3 a5 25.Qc2 Re8 26.a3 Re6 27.Rc3 Be7 28.Qa4 Rb5 29.Rb3 Qd5
30.Rxb5 cxb5 31.Qxa5 Rf6 32.Be3 Rxf3 33.Kg1 Bg5 34.Bxg5 hxg5 35.Rc8+ Kh7
36.Rd8 Qc6  1/2-1/2

[Event "Bundesliga 2013-14"]
[Site "Munich GER"]
[Date "2013.10.12"]
[Round "1"]
[White "Hausrath,D"]
[Black "Zajogin,A"]
[Result "1/2-1/2"]
[WhiteElo "2532"]
[BlackElo "2392"]

1.Nf3 d5 2.g3 g6 3.Bg2 Bg7 4.O-O e5 5.d3 Ne7 6.e4 Nbc6 7.exd5 Nxd5 8.Nc3 Nxc3
9.bxc3 O-O 10.Bg5 Qd6 11.Rb1 Rb8 12.Nd2 h6 13.Be3 b6 14.Ne4 Qd8 15.c4 Nd4
16.Nc3 c6 17.Qd2 Bh3 18.Bxd4 exd4 19.Ne2 Bd7 20.Rfe1 Qg5 21.Nf4 Rfe8 22.h4 Qc5
23.Rxe8+ Rxe8 24.Re1 Rb8 25.Bh3 Be8 26.Re4 b5 27.Qe2 Kf8 28.Qf3 Kg8 29.Qe2 Kf8
30.Be6 Qd6 31.Nxg6+ fxg6 32.Qf3+ Ke7 33.Bf7+ Be5 34.Qf4 Bxf7 35.Rxe5+ Be6
36.c5 Qd8 37.Qe4 Qc8 38.Qxg6 Qg8 39.Qe4 Kd7 40.Qxd4+ Bd5 41.Qf4 Re8 42.c4 bxc4
43.dxc4 Bxc4 44.Rxe8 Kxe8 45.Qb8+ Kf7 46.Qf4+ Ke8 47.Qb8+ Kf7 48.Qf4+ Kg6
49.Qg4+ Kf6 50.Qf4+ Kg6  1/2-1/2

[Event "Chinese Teams 2013"]
[Site "Qingdao CHN"]
[Date "2013.10.12"]
[Round "13.6"]
[White "Wang Yue"]
[Black "Zhou Weiqi"]
[Result "1-0"]
[WhiteElo "2713"]
[BlackElo "2614"]

1.Nf3 d5 2.g3 c6 3.Bg2 Bg4 4.c4 e6 5.O-O Nd7 6.cxd5 exd5 7.h3 Bxf3 8.Bxf3 Ngf6
9.Bg2 Bc5 10.Nc3 d4 11.Ne4 Nxe4 12.Bxe4 Nf6 13.Bg2 O-O 14.d3 Re8 15.a3 Bb6
16.Bd2 Nd5 17.Bf3 Re5 18.Kg2 Qd6 19.Rc1 Rae8 20.Rc4 h5 21.h4 R8e6 22.Rh1 Rg6
23.Bg5 f6 24.Bd2 Kh8 25.Kf1 Qe6 26.Qa4 Rg4 27.Ke1 f5 28.Kd1 f4 29.Rxd4 Bxd4
30.Qxd4 Rxe2 31.Bxe2 f3 32.Qxa7 fxe2+ 33.Kc2 Qf5 34.Re1 c5 35.Qxc5 b5 36.b3 Rg6
37.Rxe2 Qd7 38.Kb2 Rc6 39.Qf8+ Kh7 40.Qe8  1-0

[Event "Chigorin Memorial"]
[Site "St Petersburg RUS"]
[Date "2013.10.12"]
[Round "8.41"]
[White "Mikhailov,Vi"]
[Black "Oparin,G"]
[Result "1/2-1/2"]
[WhiteElo "2343"]
[BlackElo "2526"]

1.Nf3 d5 2.g3 Nf6 3.Bg2 c6 4.O-O Bg4 5.d4 e6 6.c4 Nbd7 7.b3 Bd6 8.Bb2 O-O
9.Nbd2 Qe7 10.Ne5 Bh5 11.h3 Ba3 12.Bxa3 Qxa3 13.g4 Bg6 14.Nxg6 hxg6 15.Qc2 Qe7
16.Rad1 Rfd8 17.Rfe1 a5 18.e4 dxe4 19.Nxe4 Nxe4 20.Bxe4 Qd6 21.Bg2 Nf6 22.Rd3 Rd7
23.Red1 Rad8 24.Qc3 Qc7 25.a3 Qb6 26.b4 axb4 27.axb4 Qc7 28.Qb2 Qf4 29.Qc3 Qd6
30.Qb2 Qc7 31.b5 c5 32.Qc3 cxd4 33.Rxd4 Rxd4 34.Rxd4 Rxd4 35.Qxd4 Nd7 36.Qa7 Qxc4
37.Qxb7 Qd4 38.Qc8+ Kh7 39.Qd8 Qa1+ 40.Bf1 Ne5 41.Qh4+ Kg8 42.Qg3 Qb2 43.Qe3 Nd7
44.Qa7 Ne5 45.Kg2 Qc3 46.Qa8+ Kh7 47.b6 Qd4 48.b7 Qe4+ 49.Kh2 Qf4+ 50.Kh1 Qxf2
51.Bg2 Nf3 52.Bxf3 Qxf3+ 53.Kg1 Qd1+ 54.Kf2 Qd2+  1/2-1/2

[Event "Chigorin Memorial"]
[Site "St Petersburg RUS"]
[Date "2013.10.12"]
[Round "8.60"]
[White "Shuraev,A"]
[Black "Zhilchikov,N"]
[Result "1/2-1/2"]
[WhiteElo "2351"]
[BlackElo "2074"]

1.Nf3 d5 2.g3 Nf6 3.Bg2 c6 4.c4 g6 5.cxd5 Nxd5 6.O-O Bg7 7.d4 O-O 8.e4 Nb6
9.h3 Be6 10.Na3 Na6 11.Be3 Qd7 12.Kh2 Rad8 13.b3 f5 14.Ng5 fxe4 15.Nc2 Nd5
16.Qe2 Bf5 17.Nxe4 Kh8 18.Bd2 e5 19.dxe5 Bxe5 20.Rad1 Rde8 21.Ne3 Bg7 22.Qc4 b5
23.Qc2 Nxe3 24.Bxe3 Qe6 25.f3 Nb4 26.Qd2 Nd5 27.Bxa7 Bxe4 28.fxe4 Nc3 29.Rxf8+ Rxf8
30.Re1 Qe5 31.b4 h5 32.h4 Ra8 33.Qd7 Nxa2 34.Rd1 Qe8 35.Bc5 Nc3 36.Qxe8+ Rxe8
37.Rd6 Nxe4 38.Bxe4 Rxe4 39.Rxg6 Kh7 40.Rxc6 Be5 41.Ra6 Rxh4+ 42.Kg2 Rg4
43.Ra5 Rxg3+ 44.Kh1 h4  1/2-1/2

[Event "TCh-SUI 2013"]
[Site "Switzerland SUI"]
[Date "2013.10.12"]
[Round "8.3"]
[White "Forster,Ri"]
[Black "Borgo,G"]
[Result "1-0"]
[WhiteElo "2451"]
[BlackElo "2378"]

1.Nf3 d5 2.g3 e6 3.Bg2 c5 4.c4 dxc4 5.Qa4+ Bd7 6.Qxc4 Bc6 7.Nc3 Nd7 8.e4 e5
9.O-O Bd6 10.Qe2 Ne7 11.d3 Nf8 12.Bh3 Nfg6 13.Bg5 f6 14.Be3 h5 15.Rac1 h4
16.Bg4 Bd7 17.Nd2 Bxg4 18.Qxg4 Qd7 19.Qxd7+ Kxd7 20.Nc4 b6 21.Nb5 Nc8 22.a4 hxg3
23.fxg3 Be7 24.a5 Kc6 25.Nc3 Nf8 26.b4 Ne6 27.b5+ Kd7 28.Ra1 bxa5 29.Rxa5 Rb8
30.Nd5 Bd8 31.Ra6 Rxb5 32.Rfa1 Rb7 33.Kg2 Rf8 34.h4 Rf7 35.Rf1 Nb6 36.Nxe5+ fxe5
37.Rxf7+ Kc6 38.Rxb7 Kxb7 39.Ra2 Nd7 40.Kf3 a5 41.h5 Kc6 42.Kg4 Kd6 43.Bd2 c4
44.dxc4 Ndc5 45.Bxa5 Bxa5 46.Rxa5 Nxe4 47.Ne3 Nf6+ 48.Kf5 Nd4+ 49.Kg6  1-0

[Event "TCh-SUI 2013"]
[Site "Switzerland SUI"]
[Date "2013.10.12"]
[Round "8.4"]
[White "Hickl,J"]
[Black "Sermier,G"]
[Result "1-0"]
[WhiteElo "2564"]
[BlackElo "2427"]

1.g3 d5 2.Nf3 c6 3.b3 Bg4 4.Bg2 Nd7 5.Bb2 Ngf6 6.d3 Bxf3 7.Bxf3 e5 8.O-O Bc5
9.e3 O-O 10.c4 d4 11.e4 a5 12.a3 b5 13.Nd2 Qb8 14.Bg2 Bd6 15.Qc2 Rd8 16.Bh3 h5
17.Bc1 Ng4 18.Rb1 Nc5 19.Nf3 Be7 20.Bd2 Ne6 21.b4 axb4 22.axb4 Qd6 23.c5 Qc7
24.Ra1 Bf6 25.Ra2 Qe7 26.Rfa1 Rxa2 27.Rxa2 Ng5 28.Bxg5 Bxg5 29.Ra6 Rc8 30.Qa2 Qf6
31.Bg2 h4 32.Qe2 hxg3 33.hxg3 Nh6 34.Bh3 Rc7 35.Kg2 Qe7 36.Ra8+ Kh7 37.Qa2 Bf6
38.Qa5 g6 39.Qb6 Bg7 40.Qxc7  1-0